000 00325nam a22001457a 4500
005 20170824032449.0
008 170824b xxu||||| |||| 00| 0 eng d
020 _a9780387945262
041 _aeng
080 _a51
100 _a38
101 _aMAT
245 _aGROUPS AND REPRESENTATIONS
_cALPERIN,J.L
942 _2udc
_cBK
999 _c24739
_d24739